000 00756nam a2200229Ii 4500
003 JO-AjNU
008 230605s9999||||xx |||||||||||||| ||und||
017 _a2021/6/3428
020 _a978-9923-25-418-9
040 _aJO-AjNU
_bara
_erda
_cJO-AjNU
041 _aara
050 1 4 _aJO1850.A66 2022
100 3 _aعلاي، ستار جبار,
_eauthor
_962947
245 0 0 _aالأحزاب السياسية
250 _aط1
264 3 1 _aعمان: دار امجد للنشر والتوزيع، 2022
300 _a172ص
336 _atext
_btxt
_2rdacontent
337 _aunmediated
_bn
_2rdamedia
338 _avolume
_bnc
_2rdacarrier
650 4 _aالأحزاب السياسية-المشاركة السياسية-النظام السياسي
_962948
999 _aA28528
_c32096
_d32096